Emerging landscapes in social research: comments on Nigel Fielding, postmodern thought and social research /

Kaydedildi:
Detaylı Bibliyografya
Yazar: Pascale, Celine-Marie
Materyal Türü: Metin
Etiketler: Etiketle
Etiket eklenmemiş, İlk siz ekleyin!

MARC

LEADER 00000 a a2200000 04500
001 41106
003
040
100 |a Pascale, Celine-Marie  
245 |a Emerging landscapes in social research:   |b comments on Nigel Fielding, postmodern thought and social research /  |c Celine-Marie Pascale  
500 |a Pascale@american.edu  
773 |g volumen57, número3 ( , 2009), páginas 448-454  
999 |c 30979  |d 30979